MARC

LEADER 00000nam0a2200000 4500
001 275731
005 20231101234843.0
035 |a (RuTPU)RU\TPU\book\298981 
090 |a 275731 
100 |a 20141117d1985 m y0rusy50 ca 
101 0 |a rus 
102 |a RU 
105 |a y z 001zy 
200 1 |a Декомпозиция и агрегирование при решении оптимизационных экономических моделей  |f А. В. Матин  |g Академия наук СССР (АН СССР), Институт экономики (ИЭ) 
210 |a Москва  |c Наука  |d 1985 
215 |a 71 с. 
320 |a Библиогр.: с. 66-70 
606 1 |a Экономика  |x Математические методы  |2 stltpush  |3 (RuTPU)RU\TPU\subj\80754  |9 88355 
610 1 |a экономика 
610 1 |a декомпозиции 
610 1 |a агрегирование 
610 1 |a оптимизационные расчёты 
610 1 |a оптимизация 
610 1 |a народнохозяйственное планирование 
610 1 |a декомпозиционные методы 
686 |a Ув631  |v LBC/SL-A  |2 rubbk 
700 1 |a Матин  |b А. В.  |g Андрей Валентинович 
712 0 2 |a Академия наук СССР (АН СССР)  |b Институт экономики (ИЭ)  |c (Москва)  |2 stltpush  |3 (RuTPU)RU\TPU\col\11342 
801 1 |a RU  |b 63413507  |c 20141117 
801 2 |a RU  |b 63413507  |c 20220831  |g RCR 
942 |c BK